000 00515nam a2200181Ia 4500
001 16532
005 20260306170316.0
008 260306t2025||||xx |||||||||||||| ||und||
041 _aESP
082 _a348.6
_bT68
100 _aToledo Toribio, Omar,
_eAUT
245 0 _aLa nueva casación laboral :
_banálisis doctrinario y jurisprudencial de la reforma introducida por la ley N° 31699
260 _c2025
300 _a319 páginas :
_c25 cm.
650 _aGEN
654 _aCDE
942 _cLIB
_dJUS
_fJUS
_2ddc
_n
999 _c16532
_d16532